00835 2200301 4500001002100000005001500021007000300036008004100039020002200080035002000102040001700122041000800139082000800147084001400155090001900169100003100188245008400219250001200303264004600315300003900361336002100400337003000421338002300451650001300474850001000487990001800497990001800515INLIS00000000000730620260603090235ta260603 0  a978-979-877-035-7 a0010-0822000280 aSBPUPADbInd07aInd a624 a624 LAK y a624 LAK y 20-30 aLaksamana MediaePengarang1 aYoutube & Google video :bMembuat, Mengedit dan Upload Video /cLaksamana Media a.-Cet.1 a.--Yogyakarta :bPenerbit MediaKom,c2009 a168 hlm. :billus. ;c14,5 x 21 cm 2rdacontentateks 2rdamediaatanpa perantara 2rdacarrieravolume 4aInternet aPUPAD a10354/Br/KAPD a10355/Br/KAPD